How to Stop Worrying and start living / (Record no. 193812)
[ view plain ]
| 000 -LEADER | |
|---|---|
| fixed length control field | 00936 a2200157 4500 |
| 003 - CONTROL NUMBER IDENTIFIER | |
| control field | NUST |
| 005 - DATE AND TIME OF LATEST TRANSACTION | |
| control field | 20221206140536.0 |
| 040 ## - CATALOGING SOURCE | |
| Transcribing agency | Nust |
| 082 ## - DEWEY DECIMAL CLASSIFICATION NUMBER | |
| Classification number | 158,CAR |
| 100 ## - MAIN ENTRY--PERSONAL NAME | |
| Personal name | Carnegie, Dale |
| 245 ## - TITLE STATEMENT | |
| Title | How to Stop Worrying and start living / |
| Statement of responsibility, etc. | Dale Carnegie |
| 260 ## - PUBLICATION, DISTRIBUTION, ETC. | |
| Place of publication, distribution, etc. | india |
| Name of publisher, distributor, etc. | The Worlds Work |
| Date of publication, distribution, etc. | 1913 |
| 300 ## - PHYSICAL DESCRIPTION | |
| Extent | x,324 p.: |
| 505 ## - FORMATTED CONTENTS NOTE | |
| Formatted contents note | Fundamental Facts you Should know about Worry (Page-7), Basic Techniques in Analysis Worry (Page-37), How to break the Worry Habit Before it breaks you (Page-53), Seven ways to Cultivate A Mental Attitude that will bring you Peace and Happiness(Page-99), The Golden Rule for Conquering Worry (Page-166), How to keep from Worrying about Criticism (Page-185), Six way to prevent fatigue and worry and keep your Energy and Spirits High (Page-199), How to Find the Kind of Work in which you may be Happy and Successful (Page-235), How I Conquered Worry (Page-256). |
| 942 ## - ADDED ENTRY ELEMENTS (KOHA) | |
| Source of classification or shelving scheme | |
| Koha item type | Book |
| Call number prefix | 158,CAR |
| Withdrawn status | Lost status | Source of classification or shelving scheme | Damaged status | Not for loan | Permanent Location | Current Location | Shelving location | Date acquired | Full call number | Barcode | Date last seen | Price effective from | Koha item type | Public note |
|---|---|---|---|---|---|---|---|---|---|---|---|---|---|---|
| Military College of Signals (MCS) | Military College of Signals (MCS) | General Stacks | 12/12/2016 | 158,CAR | MCS21509 | 12/08/2016 | 12/12/2016 | Book | Almirah No.46, Shelf No.4 |
